[Event "53rd World U20 ch"]
[Site "Pune IND"]
[Date "2014.10.07"]
[Round "2.30"]
[White "Prasanna, Raghuram Rao"]
[Black "Sai Vishwesh, Chandrakaladaran"]
[Result "0-1"]
[WhiteElo "2447"]
[BlackElo "2151"]
[EventDate "2014.10.06"]
[PlyCount "136"]

1.d4 Nf6 2.c4 c5 3.d5 b5 4.Qc2 bxc4 5.e4 d6 6.Bxc4 g6 7.Nc3 Bg7 8.Nf3 Nbd7
9.O-O O-O 10.Re1 Ng4 11.Bf1 e5 12.dxe6 fxe6 13.Bg5 Qb6 14.Rad1 Nde5 15.Be2
Nxf3+ 16.Bxf3 Ne5 17.Be2 Nc6 18.Na4 Qb8 19.Bc4 Nd4 20.Qd2 Bd7 21.Nc3 Qb4 
22.Bd3 Rf7 23.Ne2 Rb8 24.Qxb4 Rxb4 25.b3 Bb5 26.Bxb5 Rxb5 27.Rd3 Nxe2+ 28.
Rxe2 c4 29.Rg3 Rfb7 30.Rc2 h6 31.Bd2 cxb3 32.Rxb3 Rxb3 33.axb3 Rxb3 34.
Rc8+ Kh7 35.Kf1 Rb2 36.Ke2 a5 37.Kd3 a4 38.Rc7 Rb3+ 39.Kc2 g5 40.Ra7 Ra3 
41.Rd7 Ra2+ 42.Kc1 a3 43.Rxd6 Ra1+ 44.Kc2 Rf1 45.Ra6 Rxf2 46.Rxa3 Rxg2 47.
Ra6 Rxh2 48.Kd3 g4 49.Ra7 Kg6 50.Bf4 Rf2 51.Be3 Rf7 52.Ra6 Re7 53.Bc5 Re8 
54.Ke3 Be5 55.Ra5 h5 56.Bb4 Bb8 57.e5 Kf5 58.Ra8 Rd8 59.Bc5 Bc7 60.Ra7 
Bxe5 61.Rf7+ Kg6 62.Re7 Kf6 63.Rh7 Rc8 64.Bb4 Kg5 65.Re7 Bf4+ 66.Kd3 e5 
67.Rf7 g3 68.Be7+ Kg6 0-1

[Event "53rd World U20 ch"]
[Site "Pune IND"]
[Date "2014.10.07"]
[Round "2.31"]
[White "Narayanan, Srinath"]
[Black "Deepthamsh, Reddy M."]
[Result "1-0"]
[WhiteElo "2443"]
[BlackElo "2071"]
[EventDate "2014.10.06"]
[PlyCount "69"]

1.e4 c5 2.Nf3 d6 3.d4 cxd4 4.Nxd4 Nf6 5.Nc3 a6 6.h3 e6 7.g4 d5 8.exd5 Nxd5
9.Nde2 Bb4 10.Bg2 Nc6 11.O-O Nxc3 12.Nxc3 Qc7 13.Qf3 O-O 14.Bf4 Qa5 15.
Rfd1 Rd8 16.Rxd8+ Qxd8 17.Rd1 Qf6 18.Qe3 Qe7 19.Na4 e5 20.Bg3 f6 21.c3 Bd6
22.Nb6 Bc5 23.Nxc8 Rxc8 24.Qe4 Rd8 25.Rxd8+ Nxd8 26.g5 Kh8 27.Qf5 Ne6 28.
gxf6 gxf6 29.b4 Bd6 30.Bxb7 Nf4 31.Bxa6 Kg7 32.Bxf4 exf4 33.Bd3 Kg8 34.a4 
Be5 35.a5 1-0

[Event "53rd World U20 ch"]
[Site "Pune IND"]
[Date "2014.10.07"]
[Round "2.32"]
[White "Abhijith, M."]
[Black "Anurag, Mhamal"]
[Result "0-1"]
[WhiteElo "2126"]
[BlackElo "2442"]
[EventDate "2014.10.06"]
[PlyCount "120"]

1.e4 c5 2.c3 d5 3.exd5 Qxd5 4.d4 Nf6 5.Nf3 Nc6 6.dxc5 Qxc5 7.Be3 Qa5 8.Na3
e6 9.Nb5 Nd5 10.Bd2 a6 11.c4 Ndb4 12.Nc3 Qf5 13.Rc1 Be7 14.a3 Nd3+ 15.Bxd3
Qxd3 16.Qe2 Qxe2+ 17.Nxe2 e5 18.Bc3 f6 19.b4 Bg4 20.O-O O-O 21.h3 Be6 22.
c5 Bc4 23.Rfe1 Rfd8 24.Ng3 Bd3 25.Rcd1 Kf7 26.Rd2 Ke6 27.Red1 Bc2 28.Rc1 
Rxd2 29.Nxd2 Bd3 30.Re1 g5 31.Nb3 Rd8 32.Nc1 Bb5 33.Nge2 f5 34.f3 a5 35.g4
axb4 36.axb4 f4 37.Kf2 h5 38.gxh5 Bc4 39.h6 Kf5 40.h7 Rh8 41.Rd1 Rxh7 42.
Ng1 b6 43.Nd3 Bxd3 44.Rxd3 bxc5 45.bxc5 Bxc5+ 46.Kg2 Bxg1 47.Kxg1 Rxh3 48.
Rd6 Ne7 49.Kg2 Rg3+ 50.Kf2 Ng6 51.Rd5 Ke6 52.Ra5 g4 53.Ra6+ Kf7 54.Ra7+ 
Kf6 55.Ra6+ Kg5 56.Ba5 Rxf3+ 57.Kg2 Nh4+ 58.Kh2 g3+ 59.Kg1 Rd3 60.Kf1 g2+ 
0-1

[Event "53rd World U20 ch"]
[Site "Pune IND"]
[Date "2014.10.07"]
[Round "2.33"]
[White "Csonka, Balazs"]
[Black "Gajwa, Ankit"]
[Result "1-0"]
[WhiteElo "2412"]
[BlackElo "2110"]
[EventDate "2014.10.06"]
[PlyCount "49"]

1.e4 c5 2.Nf3 d6 3.Bc4 Nf6 4.Qe2 e6 5.c3 Nc6 6.Bb3 Be7 7.O-O O-O 8.d4 e5 
9.dxc5 dxc5 10.Rd1 Qc7 11.Na3 b6 12.Bg5 Nh5 13.Nb5 Qb8 14.Bxe7 Nf4 15.Qe3 
Nxe7 16.Nd6 Bg4 17.Nxe5 Bxd1 18.Rxd1 Nfg6 19.Nexf7 h6 20.Nxh6+ Kh7 21.Nhf5
Ng8 22.Qh3+ Nh6 23.Nxh6 gxh6 24.Qd7+ Kh8 25.Nf7+ 1-0

[Event "53rd World U20 ch"]
[Site "Pune IND"]
[Date "2014.10.07"]
[Round "2.34"]
[White "Sidhant, Mohapatra"]
[Black "Arjun, Satheesh"]
[Result "1-0"]
[WhiteElo "2382"]
[BlackElo "2004"]
[EventDate "2014.10.06"]
[PlyCount "49"]

1.Nf3 Nf6 2.c4 e6 3.Nc3 d5 4.e3 Be7 5.b3 c5 6.cxd5 Nxd5 7.Nxd5 Qxd5 8.Bb2 
O-O 9.Bc4 Qd8 10.O-O b6 11.Ne5 Bb7 12.f4 Bd5 13.f5 Bxc4 14.bxc4 f6 15.Qf3 
Na6 16.Nc6 Qd7 17.fxe6 Qxe6 18.Qd5 Nc7 19.Qxe6+ Nxe6 20.Nxe7+ Kf7 21.Nd5 
Rfd8 22.Bxf6 Rd7 23.Bc3+ Kg8 24.Rf5 Rad8 25.a4 1-0

[Event "53rd World U20 ch"]
[Site "Pune IND"]
[Date "2014.10.07"]
[Round "2.37"]
[White "Wagh, Suyog"]
[Black "Von Meijenfeldt, Bart"]
[Result "0-1"]
[WhiteElo "2001"]
[BlackElo "2354"]
[EventDate "2014.10.06"]
[PlyCount "68"]

1.Nf3 Nf6 2.c4 g6 3.Nc3 Bg7 4.g3 O-O 5.Bg2 c5 6.O-O Nc6 7.d4 cxd4 8.Nxd4 
Nxd4 9.Qxd4 d6 10.Qd3 Bf5 11.e4 Be6 12.b3 Qa5 13.Bb2 Qh5 14.Qe2 Bg4 15.f3 
Qc5+ 16.Kh1 Be6 17.Rfe1 Rfc8 18.Rad1 a6 19.Na4 Qc7 20.e5 Ne8 21.exd6 exd6 
22.Bxg7 Nxg7 23.Qf2 Re8 24.Qb6 Qe7 25.Rxd6 Rad8 26.c5 Nf5 27.Rxd8 Rxd8 28.
f4 Rd2 29.Qxb7 Qd8 30.c6 Rxg2 31.Rxe6 Qd2 32.Qb8+ Kg7 33.Rxg6+ hxg6 34.
Qe5+ Kh7 0-1

[Event "53rd World U20 ch"]
[Site "Pune IND"]
[Date "2014.10.07"]
[Round "2.40"]
[White "Blazeka, Matej"]
[Black "Yogit, S."]
[Result "1/2-1/2"]
[WhiteElo "2311"]
[BlackElo "1954"]
[EventDate "2014.10.06"]
[PlyCount "62"]

1.e4 c5 2.Nf3 d6 3.d4 cxd4 4.Nxd4 Nf6 5.Nc3 g6 6.Be3 Bg7 7.f3 O-O 8.Qd2 
Nc6 9.Bc4 Bd7 10.O-O-O Rb8 11.g4 Ne5 12.Be2 Qa5 13.Nb3 Qd8 14.g5 Ne8 15.
Bxa7 Ra8 16.Bd4 b5 17.Kb1 Nc4 18.Bxc4 bxc4 19.Bxg7 Nxg7 20.Nd4 Qa5 21.Kc1 
Rfb8 22.Nd5 Qxa2 23.Qc3 Kf8 24.Kd2 Qxb2 25.Rb1 Qxc3+ 26.Kxc3 Ra3+ 27.Kd2 
Rd8 28.Ra1 Rxa1 29.Rxa1 Ne6 30.Nxe6+ Bxe6 31.Kc3 Kg8 1/2-1/2

[Event "53rd World U20 ch"]
[Site "Pune IND"]
[Date "2014.10.07"]
[Round "2.49"]
[White "Visakh, N. R."]
[Black "Shailesh, Dravid"]
[Result "1-0"]
[WhiteElo "2300"]
[BlackElo "2074"]
[EventDate "2014.10.06"]
[PlyCount "91"]

1.Nf3 Nf6 2.d4 e6 3.c4 Bb4+ 4.Bd2 Qe7 5.g3 Nc6 6.Bg2 Bxd2+ 7.Nbxd2 d6 8.
O-O O-O 9.e4 e5 10.d5 Nb8 11.Ne1 a5 12.Nd3 Na6 13.a3 c6 14.b4 cxd5 15.cxd5
axb4 16.axb4 Bd7 17.Nc4 Bb5 18.Qb3 Rac8 19.Ndb2 Qc7 20.Rfc1 Nd7 21.Bf1 Qb8
22.Nxe5 Nxe5 23.Bxb5 f5 24.Rxc8 Qxc8 25.f4 Ng6 26.Qc4 Qd8 27.Bxa6 Qb6+ 28.
Kg2 bxa6 29.Rxa6 Qe3 30.Nd1 Qd2+ 31.Nf2 fxe4 32.Qxe4 Rf6 33.Ra8+ Nf8 34.
Rc8 Qb2 35.Rc7 h5 36.Qe7 Rf5 37.Qe4 Rf6 38.h4 Ng6 39.Rc8+ Kh7 40.Re8 Kh6 
41.Re6 Qb3 42.Rxf6 gxf6 43.Qe6 Qxb4 44.Qxf6 Qd2 45.f5 Qxd5+ 46.Kh2 1-0

[Event "53rd World U20 ch"]
[Site "Pune IND"]
[Date "2014.10.07"]
[Round "2.50"]
[White "Chakravarthi Reddy, M."]
[Black "Aradhya, Garg"]
[Result "1-0"]
[WhiteElo "2217"]
[BlackElo "2068"]
[EventDate "2014.10.06"]
[PlyCount "71"]

1.d4 d5 2.Nc3 Nf6 3.Bg5 c5 4.Nf3 Nc6 5.e3 Bg4 6.Be2 e6 7.O-O cxd4 8.exd4 
Be7 9.h3 Bxf3 10.Bxf3 O-O 11.Ne2 Nd7 12.Bf4 Rc8 13.b3 Bf6 14.Qd2 Qe7 15.
Rac1 Rfd8 16.Rfe1 Qa3 17.c3 a5 18.Ng3 g6 19.Nf1 b5 20.Ne3 b4 21.Ng4 Bg7 
22.Nh6+ Bxh6 23.Bxh6 bxc3 24.Rxc3 Ne7 25.Rec1 Rxc3 26.Qxc3 Nf5 27.Bd2 Qf8 
28.Bg4 a4 29.Bxf5 exf5 30.Qc7 axb3 31.Bb4 Qxb4 32.Qxd8+ Kg7 33.axb3 Nf6 
34.Rc8 Ne4 35.Qh8+ Kh6 36.Qf8+ 1-0

[Event "53rd World U20 ch"]
[Site "Pune IND"]
[Date "2014.10.07"]
[Round "2.51"]
[White "Horton, Jamie"]
[Black "Rindlisbacher, Jan"]
[Result "0-1"]
[WhiteElo "2064"]
[BlackElo "2217"]
[EventDate "2014.10.06"]
[PlyCount "100"]

1.e4 e5 2.Nf3 Nc6 3.Bc4 Bc5 4.c3 Nf6 5.d3 a6 6.Bb3 Ba7 7.Nbd2 d6 8.h3 h6 
9.Nf1 Be6 10.Ng3 Qd7 11.Qe2 Bxb3 12.axb3 Qe6 13.b4 Ne7 14.Be3 Bxe3 15.Qxe3
O-O 16.O-O Rfe8 17.Nh4 d5 18.Nhf5 Nxf5 19.Nxf5 Kh7 20.Rfe1 Rad8 21.Rad1 
Rd7 22.Qf3 dxe4 23.dxe4 Red8 24.Ne3 Rd2 25.Nd5 Nxe4 26.Qxe4+ f5 27.Qf3 
R2xd5 28.Rxd5 Rxd5 29.Rd1 e4 30.Qe2 Qd6 31.Rxd5 Qxd5 32.Qe3 Qd1+ 33.Kh2 
Qd3 34.Qc1 g5 35.g3 Qe2 36.Kg1 Kg6 37.c4 Qf3 38.Qd2 Qd3 39.Qc1 c6 40.Kg2 
f4 41.gxf4 Qf3+ 42.Kg1 Qxh3 43.fxg5 hxg5 44.c5 Qd3 45.Qe1 Kf5 46.Qc1 Kg4 
47.Kg2 Qe2 48.Qg1 e3 49.Kh1+ Kf5 50.fxe3 Qh5+ 0-1

[Event "53rd World U20 ch"]
[Site "Pune IND"]
[Date "2014.10.07"]
[Round "2.52"]
[White "Muthaiah, A. L."]
[Black "Sai Agni Jeevitesh, J."]
[Result "0-1"]
[WhiteElo "2215"]
[BlackElo "2068"]
[EventDate "2014.10.06"]
[PlyCount "68"]

1.d4 Nf6 2.Nf3 d6 3.Bf4 Nbd7 4.Nbd2 Nh5 5.Bg3 g6 6.e4 Nxg3 7.hxg3 Bg7 8.
Bc4 e6 9.c3 a6 10.a4 b6 11.Qe2 Bb7 12.d5 e5 13.b4 O-O 14.g4 Bc8 15.g5 f5 
16.a5 Nb8 17.Bd3 b5 18.c4 c6 19.dxc6 Nxc6 20.Rb1 Bb7 21.cxb5 Nxb4 22.Rxb4 
Qxa5 23.Bc4+ d5 24.Rb1 fxe4 25.Qxe4 dxc4 26.Qxb7 c3 27.Qd5+ Kh8 28.Ke2 h5 
29.gxh6 Bf6 30.Ne4 Rad8 31.Qe6 Qa4 32.Nfd2 cxd2 33.Nxf6 Qc2 34.Rhd1 Qd3# 
0-1

[Event "53rd World U20 ch"]
[Site "Pune IND"]
[Date "2014.10.07"]
[Round "2.53"]
[White "Senthil, Maran K."]
[Black "Ritviz, Parab"]
[Result "0-1"]
[WhiteElo "2043"]
[BlackElo "2205"]
[EventDate "2014.10.06"]
[PlyCount "104"]

1.d4 d6 2.Nf3 g6 3.g3 Bg7 4.Bg2 Nd7 5.c4 e5 6.O-O Ne7 7.Nc3 O-O 8.e4 exd4 
9.Nxd4 Nc6 10.Nxc6 bxc6 11.Qc2 a5 12.Be3 Rb8 13.Rad1 Ne5 14.b3 Qf6 15.f4 
Nxc4 16.Bd4 Qxd4+ 17.Rxd4 Bxd4+ 18.Kh1 Ne3 19.Qd3 c5 20.Rf3 Nxg2 21.Kxg2 
Bb7 22.Ne2 Rfe8 23.Nxd4 Bxe4 24.Qd2 cxd4 25.Qxd4 Rb5 26.Kf2 Bxf3 27.Kxf3 
Rc5 28.Qd3 Re1 29.Kg4 Rec1 30.Qe3 h5+ 31.Kh4 R1c2 32.h3 Rxa2 33.g4 hxg4 
34.hxg4 Rh2+ 35.Kg3 Rhc2 36.Qe7 g5 37.Qd8+ Kg7 38.fxg5 R5c3+ 39.Kf4 Rf2+ 
40.Ke4 Rff3 41.g6 fxg6 42.Kd5 Rf7 43.Qa8 Rc5+ 44.Ke4 Rb5 45.Qd8 Rxb3 46.
Kd5 Rc3 47.g5 a4 48.Ke6 Re3+ 49.Kd5 a3 50.Qa8 Rc3 51.Ke6 a2 52.Qxa2 Rc5 
0-1

[Event "53rd World U20 ch"]
[Site "Pune IND"]
[Date "2014.10.07"]
[Round "2.54"]
[White "Megalios, Konstantinos"]
[Black "Nitish, Belurkar"]
[Result "1/2-1/2"]
[WhiteElo "2196"]
[BlackElo "2046"]
[EventDate "2014.10.06"]
[PlyCount "83"]

1.e4 d6 2.d4 Nf6 3.Nc3 e5 4.dxe5 dxe5 5.Qxd8+ Kxd8 6.Bc4 Ke8 7.Bg5 Bd6 8.
O-O-O Be6 9.Bxe6 fxe6 10.f3 a6 11.a4 Nc6 12.Be3 Rd8 13.Nh3 Rf8 14.Ne2 h6 
15.Nf2 Ke7 16.c3 Nh5 17.Nd3 Nf4 18.Nexf4 exf4 19.Bf2 b6 20.Kc2 Ne5 21.Bd4 
Nxd3 22.Rxd3 c5 23.Bf2 c4 24.Rd2 Bc5 25.Bd4 g5 26.h4 Bxd4 27.cxd4 g4 28.
Kc3 gxf3 29.gxf3 b5 30.axb5 axb5 31.Rg1 Rg8 32.Rdg2 Rxg2 33.Rxg2 Kf7 34.h5
Ra8 35.Rg4 Ra1 36.Kb4 Rb1 37.Rg2 Rd1 38.Kxb5 Rxd4 39.Kc5 Rd3 40.Kxc4 Rxf3 
41.b4 Re3 42.Kd4 1/2-1/2

[Event "53rd World U20 ch"]
[Site "Pune IND"]
[Date "2014.10.07"]
[Round "2.55"]
[White "Chaithanyaa, K. G."]
[Black "Pranav, Shetty"]
[Result "1/2-1/2"]
[WhiteElo "2029"]
[BlackElo "2191"]
[EventDate "2014.10.06"]
[PlyCount "172"]

1.e4 c5 2.Nf3 d6 3.d4 cxd4 4.Nxd4 Nf6 5.Nc3 a6 6.a4 e5 7.Nf3 Qc7 8.Bg5 
Nbd7 9.Nd2 h6 10.Bh4 g5 11.Bg3 Nc5 12.Be2 Be6 13.O-O Bg7 14.Re1 Rd8 15.Bc4
O-O 16.Qe2 Rfe8 17.Rad1 Kh8 18.b3 Re7 19.f3 Nh5 20.Nd5 Bxd5 21.Bxd5 Nf4 
22.Qc4 Rb8 23.a5 b5 24.axb6 Rxb6 25.Bf2 Rb5 26.Ra1 Qb8 27.Qf1 Nxd5 28.exd5
Qb7 29.Bxc5 Rxc5 30.Qxa6 Qxd5 31.Qa8+ Qxa8 32.Rxa8+ Kh7 33.c4 f5 34.g4 e4 
35.gxf5 Bd4+ 36.Kg2 exf3+ 37.Nxf3 Rxe1 38.Nxe1 Rxf5 39.Ra2 Kg6 40.Rd2 Bc5 
41.Nd3 Rf6 42.b4 Bd4 43.b5 h5 44.Nf2 Rf4 45.Nd3 Rf6 46.Re2 g4 47.Nf2 Rf3 
48.Rd2 Bxf2 49.Rxf2 Rc3 50.Rb2 Rxc4 51.b6 Rc8 52.b7 Rb8 53.Rb5 h4 54.Kf2 
Kf6 55.Ke3 g3 56.hxg3 hxg3 57.Kf3 Ke6 58.Kxg3 Kd7 59.Kf4 Kc6 60.Rb1 Rxb7 
61.Rxb7 Kxb7 62.Ke4 Kc6 63.Kd4 d5 64.Kd3 Kd7 65.Kd4 Ke6 66.Kd3 Ke5 67.Ke3 
d4+ 68.Kd3 Kd5 69.Kd2 Kc4 70.Kc2 d3+ 71.Kd2 Kd4 72.Kd1 Ke3 73.Ke1 Kf3 74.
Kd2 Ke4 75.Kd1 Kd5 76.Kd2 Kc4 77.Kd1 Kb4 78.Kd2 Kc4 79.Kd1 Kd4 80.Kd2 Ke4 
81.Kd1 Ke3 82.Ke1 Kd4 83.Kd2 Kc4 84.Kd1 Kc3 85.Kc1 d2+ 86.Kd1 Kd3 1/2-1/2

[Event "53rd World U20 ch"]
[Site "Pune IND"]
[Date "2014.10.07"]
[Round "2.56"]
[White "Ronka, Erik"]
[Black "Verhelst, Joris"]
[Result "1-0"]
[WhiteElo "2183"]
[BlackElo "2042"]
[EventDate "2014.10.06"]
[PlyCount "55"]

1.d4 d5 2.c4 e6 3.Nc3 c6 4.Nf3 dxc4 5.a4 Bb4 6.e3 b5 7.Bd2 a5 8.axb5 Bxc3 
9.Bxc3 cxb5 10.b3 Bb7 11.bxc4 b4 12.Bb2 Nf6 13.Bd3 O-O 14.O-O Nbd7 15.Nd2 
Qc7 16.Bc2 Nb6 17.Rc1 a4 18.c5 Qc6 19.e4 a3 20.Ba1 Nbd7 21.Re1 Rfe8 22.Nb3
Red8 23.d5 exd5 24.e5 Ne8 25.Nd4 Qxc5 26.Bxh7+ Kxh7 27.Rxc5 Nxc5 28.Qc2+ 
1-0

[Event "53rd World U20 ch"]
[Site "Pune IND"]
[Date "2014.10.07"]
[Round "2.57"]
[White "Sudarshan, Malga"]
[Black "Sahoo, Utkal Ranjan"]
[Result "0-1"]
[WhiteElo "2007"]
[BlackElo "2170"]
[EventDate "2014.10.06"]
[PlyCount "128"]

1.c4 Nf6 2.Nc3 e6 3.e4 Nc6 4.Nf3 d5 5.cxd5 exd5 6.e5 Ne4 7.Qb3 Nxc3 8.dxc3
Be7 9.Be3 Na5 10.Qc2 c6 11.Bd3 Nc4 12.Bf4 Bg4 13.Nd4 Bg5 14.Bxg5 Qxg5 15.
O-O g6 16.Rae1 O-O-O 17.f4 Qe7 18.f5 Kb8 19.b3 Nb6 20.e6 Bxf5 21.Bxf5 gxf5
22.exf7 Qxf7 23.Rxf5 Qg6 24.Re6 Qg4 25.h3 Qg3 26.Rfe5 Rhg8 27.Re3 Qg5 28.
Qe2 Nc8 29.Nf3 Qg7 30.Nd4 Rdf8 31.a4 Rf6 32.Rxf6 Qxf6 33.Rf3 Qg6 34.Nf5 
Re8 35.Qd2 Re4 36.Ng3 Re8 37.Nf5 Re4 38.Ng3 Re8 39.Nf5 Qe6 40.Qf4+ Qe5 41.
Qg4 Qe1+ 42.Kh2 Qe5+ 43.Kg1 Qc7 44.Qg3 Qe5 45.Qg5 Nd6 46.Qh5 Ne4 47.b4 a6 
48.a5 Ka7 49.Ng7 Qxh5 50.Nxh5 Re7 51.g4 b6 52.axb6+ Kxb6 53.Nf4 Kb5 54.Ne2
Kc4 55.Nd4 Nxc3 56.Nxc6 Re4 57.Nb8 d4 58.Rf8 d3 59.Rc8+ Kb3 60.Nxa6 Re1+ 
61.Kf2 d2 62.Nc5+ Kc2 63.Na4 d1=Q 64.Rxc3+ Kb1 0-1

[Event "53rd World U20 ch"]
[Site "Pune IND"]
[Date "2014.10.07"]
[Round "2.58"]
[White "Sen, Samir"]
[Black "Manush, Shah"]
[Result "1/2-1/2"]
[WhiteElo "2168"]
[BlackElo "2038"]
[EventDate "2014.10.06"]
[PlyCount "122"]

1.d4 d5 2.Nf3 c6 3.e3 Nf6 4.c4 e6 5.Nc3 Nbd7 6.Bd3 dxc4 7.Bxc4 b5 8.Bd3 
Bb7 9.O-O a6 10.b3 c5 11.Bb2 Be7 12.Ne2 Rc8 13.Rc1 O-O 14.Ng3 Qa5 15.a3 
Qb6 16.Qe2 cxd4 17.Bxd4 Qa5 18.Ra1 Bxa3 19.e4 b4 20.e5 Bxf3 21.gxf3 Nd5 
22.Bxa6 Nf4 23.Qe4 Qxa6 24.Qxf4 f6 25.exf6 e5 26.Bxe5 Nxe5 27.Qxe5 Qxf6 
28.Rae1 Qxe5 29.Rxe5 Rxf3 30.Nf5 Rf8 31.Ne3 Bb2 32.Re4 Bc3 33.Nd5 Bd2 34.
Rd4 Bc3 35.Re4 Bd2 36.Rd1 Rxf2 37.Nxb4 Bxb4 38.Rxb4 R2f6 39.Rd3 Rg6+ 40.
Rg3 Rxg3+ 41.hxg3 Rf3 42.Kg2 Rc3 43.Rb7 h6 44.Kh3 Kh7 45.Kg4 h5+ 46.Kxh5 
Rxg3 47.b4 Rb3 48.b5 Rb1 49.Kg5 Rb2 50.Kf5 Kh6 51.Rb8 g6+ 52.Kf6 Rf2+ 53.
Ke5 Kg5 54.b6 Rb2 55.b7 Kg4 56.Kd6 g5 57.Kc6 Rc2+ 58.Kd5 Rb2 59.Kc6 Rc2+ 
60.Kd7 Rb2 61.Ke6 Kg3 1/2-1/2

[Event "53rd World U20 ch"]
[Site "Pune IND"]
[Date "2014.10.07"]
[Round "2.59"]
[White "Pastar, Slaven"]
[Black "Nazario, Marc Christian"]
[Result "1-0"]
[WhiteElo "2159"]
[BlackElo "2029"]
[EventDate "2014.10.06"]
[PlyCount "65"]

1.e4 e5 2.Nf3 Nf6 3.Nc3 Nc6 4.Bb5 Bd6 5.a3 a6 6.Bc4 b5 7.Ba2 Nd4 8.Nxd4 
exd4 9.Ne2 c5 10.d3 Bc7 11.Ng3 Ba5+ 12.Bd2 Bxd2+ 13.Qxd2 O-O 14.O-O d6 15.
h3 Be6 16.Bxe6 fxe6 17.f4 Qb6 18.f5 e5 19.Qg5 Qb7 20.Rf3 Qf7 21.Raf1 a5 
22.Ne2 Rae8 23.g4 d5 24.Ng3 dxe4 25.Nxe4 Nxe4 26.dxe4 Kh8 27.Qh4 Qg8 28.g5
g6 29.Kh2 c4 30.f6 Qf7 31.Qe1 Qc7 32.h4 Rf7 33.h5 1-0

[Event "53rd World U20 ch"]
[Site "Pune IND"]
[Date "2014.10.07"]
[Round "2.60"]
[White "Iniyan, P."]
[Black "Godbole, Atharva"]
[Result "0-1"]
[WhiteElo "2151"]
[BlackElo "2009"]
[EventDate "2014.10.06"]
[PlyCount "52"]

1.d4 Nf6 2.c4 e6 3.Nc3 Bb4 4.a3 Bxc3+ 5.bxc3 c5 6.e3 b6 7.Bd3 O-O 8.Ne2 
Nc6 9.O-O Ba6 10.e4 Ne8 11.Ng3 cxd4 12.cxd4 Nxd4 13.e5 f5 14.exf6 Nxf6 15.
Bb2 e5 16.f4 d6 17.Re1 Qc7 18.Rc1 Qc5 19.Kh1 Bb7 20.Nh5 Rad8 21.Bb1 Ne6 
22.Qc2 g6 23.Nxf6+ Rxf6 24.Qd2 Rxf4 25.Re2 Rdf8 26.Qe1 Rf2 0-1

[Event "53rd World U20 ch"]
[Site "Pune IND"]
[Date "2014.10.07"]
[Round "2.61"]
[White "Fong Yit San"]
[Black "Grahesh, Y."]
[Result "1-0"]
[WhiteElo "2149"]
[BlackElo "1919"]
[EventDate "2014.10.06"]
[PlyCount "135"]

1.e4 c5 2.Nf3 d6 3.d4 cxd4 4.Nxd4 Nf6 5.Nc3 Nc6 6.Bg5 e6 7.Qd2 Be7 8.O-O-O
O-O 9.f4 Nxd4 10.Qxd4 Qa5 11.Kb1 Rd8 12.Bd3 h6 13.Bh4 Bd7 14.h3 Rac8 15.
Qf2 Rc6 16.g4 Rb6 17.Ne2 Rc8 18.b3 Bb5 19.Qe1 Qa3 20.Nc1 d5 21.Bxf6 Bxf6 
22.e5 Be7 23.c3 Bxd3+ 24.Rxd3 a5 25.Qf2 Rbc6 26.Qb2 Qc5 27.Qd2 Qb5 28.Ne2 
Qa6 29.Nd4 R6c7 30.a4 Bc5 31.Nb5 Rc6 32.Rf1 Rb6 33.Kb2 Be7 34.Qf2 Rxb5 35.
axb5 Qxb5 36.Qc2 a4 37.Rfd1 Rc5 38.Rd4 axb3 39.Qd3 Qc6 40.Ra1 g6 41.f5 
exf5 42.gxf5 Rc4 43.fxg6 fxg6 44.Rxd5 Rxc3 45.Qxc3 Qxd5 46.Qxb3 Qxb3+ 47.
Kxb3 Kf7 48.Kc4 Ke6 49.Kd4 Bd8 50.Rc1 Bh4 51.Rb1 Bf2+ 52.Ke4 b6 53.Rf1 Bh4
54.Rc1 Bd8 55.Rc6+ Kf7 56.Rd6 Be7 57.Rxb6 h5 58.Kd5 Bh4 59.Kd6 Bg3 60.Rb7+
Kg8 61.Ke6 g5 62.Kf6 g4 63.hxg4 hxg4 64.Rg7+ Kf8 65.Rxg4 Be1 66.Re4 Bf2 
67.Ke6 Bc5 68.Kd7 1-0

[Event "53rd World U20 ch"]
[Site "Pune IND"]
[Date "2014.10.07"]
[Round "2.62"]
[White "Rajdeep, Sarkar"]
[Black "Doluweera, Minul Sanjula"]
[Result "1/2-1/2"]
[WhiteElo "2145"]
[BlackElo "1827"]
[EventDate "2014.10.06"]
[PlyCount "88"]

1.d4 Nf6 2.Nf3 e6 3.c4 d5 4.g3 c6 5.Nbd2 Be7 6.Bg2 O-O 7.O-O b5 8.b3 Nbd7 
9.Bb2 a5 10.Ne5 Qb6 11.Qc2 bxc4 12.bxc4 Nxe5 13.dxe5 Nd7 14.Rab1 Ba6 15.
Rfc1 Rfc8 16.e3 h6 17.Bd4 Qd8 18.c5 f6 19.Bh3 Kf7 20.exf6 Bxf6 21.f4 Qe7 
22.Nf3 Kg8 23.Bxf6 Qxf6 24.Nd4 Re8 25.Nxc6 Bc4 26.e4 Nxc5 27.e5 Qf7 28.Bf1
Bxf1 29.Qxc5 Bc4 30.Nxa5 Rec8 31.Qb6 Bxa2 32.Rxc8+ Rxc8 33.Ra1 Rc2 34.Qb8+
Kh7 35.Rxa2 Qh5 36.Rxc2 Qd1+ 37.Kg2 Qxc2+ 38.Kh3 Qf5+ 39.Kg2 Qc2+ 40.Kf3 
Qd3+ 41.Kg4 Qf5+ 42.Kf3 Qd3+ 43.Kg2 Qe2+ 44.Kh3 Qh5+ 1/2-1/2

[Event "53rd World U20 ch"]
[Site "Pune IND"]
[Date "2014.10.07"]
[Round "2.63"]
[White "Kumar, Gaurav"]
[Black "Yogesh, Gautam"]
[Result "1/2-1/2"]
[WhiteElo "1945"]
[BlackElo "2144"]
[EventDate "2014.10.06"]
[PlyCount "60"]

1.e4 e6 2.d4 d5 3.Nd2 Nc6 4.c3 e5 5.exd5 Qxd5 6.Ngf3 exd4 7.Bc4 Qf5 8.cxd4
Be6 9.O-O O-O-O 10.Qa4 Kb8 11.Bxe6 fxe6 12.Nc4 Nf6 13.Be3 Nd5 14.Nfe5 Nxe5
15.Nxe5 Bd6 16.Nc4 h5 17.Rac1 h4 18.h3 g5 19.Qd1 Rdg8 20.Qg4 Qf7 21.Ne5 
Qe7 22.Qe2 Qg7 23.Ng4 Bf4 24.Qc4 Re8 25.a4 Rhf8 26.a5 a6 27.b4 c6 28.Rce1 
Qe7 29.Rb1 Bd6 30.Bd2 Bc7 1/2-1/2

[Event "53rd World U20 ch"]
[Site "Pune IND"]
[Date "2014.10.07"]
[Round "2.64"]
[White "Vandewiele, Emiel"]
[Black "Sammed Jaykumar, Shete"]
[Result "1-0"]
[WhiteElo "1882"]
[BlackElo "2139"]
[EventDate "2014.10.06"]
[PlyCount "105"]

1.d4 d5 2.e3 Nf6 3.Bd3 g6 4.Nf3 Bg7 5.O-O O-O 6.c4 dxc4 7.Bxc4 b6 8.Ne5 
Bb7 9.Qb3 e6 10.Bd2 Ne4 11.Be1 Nd6 12.Nd2 Nxc4 13.Ndxc4 Nd7 14.f3 Nxe5 15.
Nxe5 c5 16.Bc3 Qg5 17.Rf2 cxd4 18.f4 Qf5 19.Bxd4 Rac8 20.a4 Bd5 21.Qd1 Rc7
22.Rc1 Rfc8 23.Rxc7 Rxc7 24.Ng4 h5 25.Bxg7 Kxg7 26.Ne5 Qe4 27.Re2 Qb4 28.
Kf2 Qb3 29.Qd4 f6 30.e4 Bc4 31.Qd8 Rf7 32.Nxf7 Bxe2 33.Qe7 e5 34.Nxe5+ Kg8
35.Nd7 Qf7 36.Qxf7+ Kxf7 37.Kxe2 Ke7 38.Nb8 Kd6 39.Na6 g5 40.fxg5 fxg5 41.
Kd3 Ke5 42.Ke3 g4 43.g3 Ke6 44.Kf4 Kf6 45.e5+ Ke6 46.Ke4 Ke7 47.Kf5 Kf7 
48.Nc7 a5 49.Nd5 h4 50.e6+ Ke8 51.e7 hxg3 52.Ke6 gxh2 53.Nf6# 1-0

[Event "53rd World U20 ch"]
[Site "Pune IND"]
[Date "2014.10.07"]
[Round "2.65"]
[White "Abhishek, A."]
[Black "Raivath, Mallela"]
[Result "1-0"]
[WhiteElo "2138"]
[BlackElo "1070"]
[EventDate "2014.10.06"]
[PlyCount "77"]

1.d4 d5 2.Nf3 Nf6 3.c4 c6 4.e3 Bg4 5.Nc3 e6 6.Be2 Nbd7 7.O-O Bd6 8.h3 Bh5 
9.Qc2 O-O 10.e4 dxe4 11.Nxe4 Nxe4 12.Qxe4 Nf6 13.Qe3 Re8 14.Ne5 Bxe2 15.
Qxe2 Qc7 16.Re1 c5 17.dxc5 Qxc5 18.Bf4 Rad8 19.Rac1 Nd7 20.Nd3 Qc7 21.Bxd6
Qxd6 22.b4 b6 23.c5 bxc5 24.bxc5 Qc7 25.Nb4 Nb8 26.Qb5 a5 27.Nd5 Qc6 28.
Nc3 Rc8 29.Qxc6 Rxc6 30.Na4 Nd7 31.Red1 Rc7 32.Rd6 g6 33.Ra6 Rec8 34.Rxa5 
Kf8 35.Kf1 Ke7 36.Ke2 Kf6 37.Nc3 Nxc5 38.Rxc5 Rxc5 39.Ne4+ 1-0

[Event "53rd World U20 ch"]
[Site "Pune IND"]
[Date "2014.10.07"]
[Round "2.66"]
[White "Reddy, Ananta"]
[Black "Pranavananda, V."]
[Result "1/2-1/2"]
[WhiteElo "1420"]
[BlackElo "2136"]
[EventDate "2014.10.06"]
[PlyCount "115"]

1.c4 b6 2.Nc3 Bb7 3.e4 e6 4.g3 Bb4 5.Bg2 f5 6.f3 fxe4 7.fxe4 h5 8.Nge2 h4 
9.b3 hxg3 10.hxg3 Rxh1+ 11.Bxh1 Qg5 12.Qc2 Nc6 13.Bb2 O-O-O 14.O-O-O Rf8 
15.Kb1 Rf2 16.d4 Qh5 17.Qd3 Qh2 18.Bf3 Qh3 19.a3 Bxc3 20.Bxc3 Na5 21.Bb2 
g5 22.d5 Rf1 23.dxe6 Rxd1+ 24.Qxd1 Qxe6 25.Qd3 Nf6 26.e5 Ng4 27.Nd4 Nxe5 
28.Bxb7+ Nxb7 29.Nxe6 Nxd3 30.Nxg5 Nd6 31.Kc2 Nf2 32.Be5 Nfe4 33.Bxd6 Nxg5
34.Bf4 Ne6 35.Kd3 Kd8 36.Ke4 Nc5+ 37.Kf5 Nxb3 38.Kf6 c6 39.Kf7 Nd4 40.g4 
Ne6 41.Bd2 b5 42.cxb5 cxb5 43.Ba5+ Kc8 44.Kf6 Kb7 45.g5 Kc6 46.g6 Nf4 47.
Bd2 Nxg6 48.Kxg6 Kd5 49.Kf5 Kd4 50.Bb4 d5 51.Ke6 Kc4 52.Kd6 d4 53.Kc6 d3 
54.Kb7 Kb3 55.Kxa7 Ka4 56.Ka6 d2 57.Bxd2 Kxa3 58.Kxb5 1/2-1/2

[Event "53rd World U20 ch"]
[Site "Pune IND"]
[Date "2014.10.08"]
[Round "3.2"]
[White "Grover, Sahaj"]
[Black "Vidit, Santosh Gujrathi"]
[Result "1/2-1/2"]
[WhiteElo "2491"]
[BlackElo "2635"]
[EventDate "2014.10.06"]
[PlyCount "78"]

1.e4 c5 2.Nf3 e6 3.d4 cxd4 4.Nxd4 Nc6 5.Nc3 Qc7 6.Be2 Nf6 7.Be3 Be7 8.Ndb5
Qb8 9.f4 d6 10.g4 O-O 11.Rf1 a6 12.Nd4 Nxd4 13.Qxd4 e5 14.Qd2 Bxg4 15.
O-O-O Bxe2 16.Qxe2 b5 17.Qg2 b4 18.Rg1 g6 19.Nd5 Nxd5 20.Rxd5 exf4 21.Bd4 
Qc7 22.Qh3 Rfc8 23.Rg2 Bf8 24.Qh4 Qe7 25.Qxf4 Re8 26.Rg4 Rac8 27.b3 Rc6 
28.Rh5 Qxe4 29.Qxe4 Rxe4 30.Rxe4 gxh5 31.Rh4 Be7 32.Rxh5 f6 33.Kd2 Kg7 34.
Rh4 d5 35.Rh5 Kg6 36.Rxd5 Rd6 37.Rxd6 Bxd6 38.h3 f5 39.Ke3 Kg5 1/2-1/2

[Event "53rd World U20 ch"]
[Site "Pune IND"]
[Date "2014.10.08"]
[Round "3.3"]
[White "Cori Tello, Jorge"]
[Black "Ducarmon, Quinten"]
[Result "1-0"]
[WhiteElo "2612"]
[BlackElo "2487"]
[EventDate "2014.10.06"]
[PlyCount "57"]

1.Nf3 d5 2.e3 Nf6 3.c4 c5 4.cxd5 Nxd5 5.Nc3 Nc6 6.Bb5 Nxc3 7.bxc3 Bd7 8.
O-O g6 9.Rb1 Bg7 10.Ba3 b6 11.d4 Na5 12.Bxc5 Bxb5 13.Rxb5 Rc8 14.Bb4 Qd7 
15.a4 a6 16.Rxb6 Nc4 17.a5 Nxb6 18.axb6 O-O 19.Qe2 Qb7 20.Bc5 Rfe8 21.Nd2 
Rxc5 22.dxc5 Qd5 23.Rb1 Qxc5 24.Qc4 Qa5 25.b7 Be5 26.Qc8 Rf8 27.Nc4 Qa2 
28.Rf1 Bb8 29.Nb6 1-0